Skúmanie miery podpory startupov na Slovensku

Vymedzenie pojmu start up. Startupové podnikanie. Podpora startupov zo strany väčších existujúcich podnikov. Podpora startupov od verejnej a štátnej správy.

Gespeichert in:
Bibliographische Detailangaben
1. Verfasser: Záležáková, Eliška
Format: Buchkapitel
Sprache:Slowakisch
Schlagworte:
Tags: Tag hinzufügen
Keine Tags, Fügen Sie das erste Tag hinzu!

MARC

LEADER 00000nla a2200000 4500
001 0235167
005 20240502073816.4
041 0 |a slo 
044 |a SK 
245 1 0 |a Skúmanie miery podpory startupov na Slovensku  |c Eliška Záležáková 
520 |a Vymedzenie pojmu start up. Startupové podnikanie. Podpora startupov zo strany väčších existujúcich podnikov. Podpora startupov od verejnej a štátnej správy. 
610 2 0 |a Slovensko 
610 2 0 |a podpora štátna 
610 2 0 |a podpora podnikania 
610 2 0 |a správa verejná 
610 2 0 |a start-up 
610 2 0 |a prostredie podnikateľské 
100 1 |a Záležáková, Eliška